Visualizzazione normale
Vista MARC
- Piotti Mariantonia (a cura di)
di Personal Name
Records bibliografici associati: 1
001 - CONTROL NUMBER
- control field: 60679
003 - CONTROL NUMBER IDENTIFIER
- control field:
005 - DATE AND TIME OF LATEST TRANSACTION
- control field: 20240424114331.0
008 - FIXED-LENGTH DATA ELEMENTS
- fixed length control field: 240424|| aca||aabn | a|a d
040 ## - CATALOGING SOURCE
- Original cataloging agency:
- Transcribing agency:
100 ## - HEADING--PERSONAL NAME
- Personal name: Piotti Mariantonia (a cura di)
670 ## - SOURCE DATA FOUND
- Source citation: Work cat.: ()207290: Piotti Mariantonia (a cura di), Sportello donna. Servizio di consulenza familiare., 1999